000 00878 a2200205 4500
001 41317
005 20260407155707.0
008 260407a1965 arg spa d
003 AR-UNSa-BCEJYS
040 _aAR-UNSa-BCEJYS
_bspa
_cAR-UNSa-BCEJYS
080 _a349.2
_xDerecho del Trabajo
245 1 0 _aEl preaviso en el derecho del trabajo
264 1 _aBuenos Aires :
_bEdiciones Depalma
_c1965
300 _a278 p.
_c24 cm.
505 _a1. Concepto y finalidades del preaviso - 2. Naturaleza jurídica del preaviso - 3. Plazos del preaviso - 4. Formas del preaviso - 5. Efectos del preaviso - 6. Consecuencias jurídicas de la falta de preaviso - 7. El preaviso en los despidos justos. En los despidos indirectos y en los contratos por plazo determinado
041 _aspa
942 _cBK
590 _aniveau_biblio:m niveau_hierar:0
100 1 _aRussomano, Mozart Víctor
999 _c3460
_d3460